000 00571cam a2200205 a 4500
001 1673854
003 OSt
005 20160205111148.0
008 990125s1999 maua f 001 0 eng
020 _a0395902207
040 _aSEKU
050 0 0 _aQD 261
_b.W5 1999
100 1 _aWilliamson, Kenneth L.
245 1 0 _aMacroscale and microscale organic experiments /
_cKenneth L. Williamson.
250 _a3rd ed.
260 _aBoston :
_bHoughton Mifflin,
_cc1999.
300 _a 799 p. :
_bill.
650 0 _aChemistry, Organic
_vLaboratory manuals.
942 _2lcc
_cGEN
999 _c10470
_d10470